<?xml version="1.0" encoding="UTF-8"?>
<marc:record xmlns:marc="http://www.loc.gov/MARC21/slim">
   <marc:leader>00000nam a2200000 a 4500</marc:leader>
   <marc:datafield ind1="1" ind2=" " tag="100">
      <marc:subfield code="a">Achterop, Amy</marc:subfield>
      <marc:subfield code="4">aut</marc:subfield>
      <marc:subfield code="e">Verfasser/-in</marc:subfield>
   </marc:datafield>
   <marc:datafield ind1="0" ind2="0" tag="245">
      <marc:subfield code="a">Tödliche Farben</marc:subfield>
   </marc:datafield>
   <marc:datafield ind1="0" ind2="0" tag="245">
      <marc:subfield code="b">Kriminalroman</marc:subfield>
   </marc:datafield>
   <marc:datafield ind1="0" ind2="0" tag="245">
      <marc:subfield code="c">Amy Achterop</marc:subfield>
   </marc:datafield>
   <marc:datafield ind1=" " ind2="1" tag="264">
      <marc:subfield code="a">Frankfurt am Main</marc:subfield>
      <marc:subfield code="b">FISCHER Taschenbuch</marc:subfield>
   </marc:datafield>
   <marc:datafield ind1="1" ind2=" " tag="490">
      <marc:subfield code="a">Die Hausboot-Detektei</marc:subfield>
      <marc:subfield code="v">Band 4</marc:subfield>
   </marc:datafield>
   <marc:datafield ind1=" " ind2=" " tag="250">
      <marc:subfield code="a">Originalausgabe</marc:subfield>
   </marc:datafield>
   <marc:datafield ind1="1" ind2=" " tag="520">
      <marc:subfield code="a">Der alte Onno hat gleich zwei Probleme: In seinem Wohnzimmer sitzt ein toter Mann, an seiner Wand fehlt ein Bild. Den Mann kennt er nicht, aber das Bild ist eine selbst angefertigte Kopie des verschollenen Gemäldes »Farbenzauber«. Da Onno nicht will, dass die Polizei von seiner kurzen und wenig erfolgreichen Zeit als Kunstfälscher erfährt, wendet er sich erst einmal an die Hausboot-Detektive. Die finden heraus, dass das Originalgemälde gar nicht bei einem Bootsunglück unterging, sondern im Besitz eines bekannten Filmemachers war. Dieser ist vor kurzem gestorben, hat aber fünf seiner Freunde Hinweise auf den Verbleib des wertvollen Kunstwerks hinterlassen. Und bald begreifen die Detektive, dass es Menschen gibt, die für Kunst über Leichen gehen.</marc:subfield>
   </marc:datafield>
   <marc:datafield ind1=" " ind2=" " tag="020">
      <marc:subfield code="a">9783596710447</marc:subfield>
      <marc:subfield code="9">9783596710447</marc:subfield>
   </marc:datafield>
   <marc:datafield ind1=" " ind2=" " tag="020">
      <marc:subfield code="a">3596710448</marc:subfield>
      <marc:subfield code="9">3596710448</marc:subfield>
   </marc:datafield>
   <marc:datafield ind1=" " ind2=" " tag="041">
      <marc:subfield code="a">ger</marc:subfield>
   </marc:datafield>
   <marc:datafield ind1=" " ind2=" " tag="300">
      <marc:subfield code="a">318 Seiten</marc:subfield>
   </marc:datafield>
</marc:record>
